Guide to Judicial Service Examination/ (Record no. 213574)

MARC details
000 -LEADER
fixed length control field 00569nam a22001817a 4500
005 - DATE AND TIME OF LATEST TRANSACTION
control field 20251006160413.0
010 ## - LCCN (DPL NO)
LC control number ENG-146918
020 ## - INTERNATIONAL STANDARD BOOK NUMBER
International Standard Book Number 9789349015562
Terms of availability 1695.00
035 ## - SYSTEM CONTROL NUMBER
System control number EN-130450
037 ## - SOURCE OF ACQUISITION
Source of stock number/acquisition DBAD
082 ## - DEWEY DECIMAL CLASSIFICATION NUMBER
Classification number 000
Edition number 20
245 ## - TITLE STATEMENT
Title Guide to Judicial Service Examination/
250 ## - EDITION STATEMENT
Edition statement 20
260 ## - PUBLICATION, DISTRIBUTION, ETC. (IMPRINT)
Place of publication, distribution, etc Haryana
Name of publisher, distributor, etc LexisNexis
Date of publication, distribution, etc 2025
270 ## - ADDRESS
Address 14th Floor, Building No. 10, Tower-B, DLF Cyber City, Phase-II, Gurgaon
City Haryana
Postal code 122002
Telephone number +91-124-4774444
Fax number +91-1244774100
300 ## - PHYSICAL DESCRIPTION
Extent 1534p
Dimensions 24cm.(pb)
942 ## - ADDED ENTRY ELEMENTS (KOHA)
Source of classification or shelving scheme Dewey Decimal Classification
Item type English Books
Classification part 000
Call number suffix UNI
Edition 20
Holdings
Withdrawn status Lost status Not for loan Collection code Home library Current library Date acquired Source of acquisition Cost, normal purchase price Full call number Barcode Copy number Cost, replacement price Koha item type
    Not For Loan Reference Central Library Central Library 06/10/2025 Delivery of Books Act Division 1695.00 000 UNI EN-130450 1 1695.00 English Books

© Delhi Public Library
Hit Counter
free hit counter